000 01105nam a22002657a 4500
001 BD-DhSAU 7469
003 BD-DhSAU
005 20231129161422.0
008 150422b2006 bg ||||| m||m 00| 0 eng d
040 _aBD-DhSAU
082 _222
_a581.35
_bJ661
100 _aJOHORA, FATEMA TUJ
_eRegistration No. # 15-06457
245 _aGenetic components and heterosis analysis of f2 and bc1f1populations in brassica juncea l
_bMS thesis
260 _aSher-e- Bangla Agricultural University:
_bDepartment of Genetics and Plant Breeding,
_c2022.
300 _axi, 138p.:
_b30 cm.
500 _aMS thesis of Department of Genetics and Plant Breeding , Faculty of Agriculture, Sher-e-Bangla Agricultural University, Dhaka, Bangladesh
590 _aNamul
650 _aheterosis analysis of f2
651 _a bc1 f1 populations
654 _abrassica juncea l
700 _aProf. Dr. Jamilur Rahman
_eSuperviser
700 _aAssico. Prof. Dr. Shahanaz Parveen
_eCo-Superviser
856 _uhttp://archive.saulibrary.edu.bd:8080/xmlui/handle/123456789/5062
942 _2ddc
_cTHESIS
999 _c17366
_d17365